Energy and security in South Asia : (Record no. 3843)

000 -LEADER
fixed length control field 01841cam a2200337 a 4500
001 - CONTROL NUMBER
control field 16880142
003 - CONTROL NUMBER IDENTIFIER
control field Nust
005 - DATE AND TIME OF LATEST TRANSACTION
control field 20180117090018.0
008 - FIXED-LENGTH DATA ELEMENTS--GENERAL INFORMATION
fixed length control field 110719s2011 dcuab b 001 0 eng
010 ## - LIBRARY OF CONGRESS CONTROL NUMBER
LC control number 2011030307
020 ## - INTERNATIONAL STANDARD BOOK NUMBER
International Standard Book Number 9780815704119 (pbk. : alk. paper)
020 ## - INTERNATIONAL STANDARD BOOK NUMBER
International Standard Book Number 0815704119 (pbk. : alk. paper)
035 ## - SYSTEM CONTROL NUMBER
System control number (OCoLC)ocn744527815
040 ## - CATALOGING SOURCE
Original cataloging agency DLC
Transcribing agency DLC
Modifying agency YDX
-- BTCTA
-- YDXCP
-- DBI
-- DLC
043 ## - GEOGRAPHIC AREA CODE
Geographic area code az-----
050 00 - LIBRARY OF CONGRESS CALL NUMBER
Classification number HD9502.A782
Item number E25 2011
082 00 - DEWEY DECIMAL CLASSIFICATION NUMBER
Classification number 333.790954
Edition number 23
100 1# - MAIN ENTRY--PERSONAL NAME
Personal name Ebinger, Charles K.
245 10 - TITLE STATEMENT
Title Energy and security in South Asia :
Remainder of title cooperation or conflict? /
Statement of responsibility, etc. Charles K. Ebinger.
260 ## - PUBLICATION, DISTRIBUTION, ETC.
Place of publication, distribution, etc. Washington, D.C. :
Name of publisher, distributor, etc. Brookings Institution Press,
Date of publication, distribution, etc. c2011.
300 ## - PHYSICAL DESCRIPTION
Extent xix, 224 p. :
Other physical details ill., maps ;
Dimensions 23 cm.
504 ## - BIBLIOGRAPHY, ETC. NOTE
Bibliography, etc. note Includes bibliographical references and index.
505 0# - FORMATTED CONTENTS NOTE
Formatted contents note Introduction to a region on edge -- India -- Pakistan -- Bangladesh -- Nepal and bhutan -- Energy challenges in the regional context -- Regional cooperation -- South asia's path forward.
520 ## - SUMMARY, ETC.
Summary, etc. "Argues that mistrust, ethnic and religious sectarianism, and political parochialism among the nations of South Asia, a region of strategic geopolitical importance, prevent the region from achieving energy security, which is crucial for economic development and political stability. Recommends measures to improve energy security through domestic policy reform and more effective bilateral and multilateral cooperation"--Provided by publisher.
650 #0 - SUBJECT ADDED ENTRY--TOPICAL TERM
Topical term or geographic name entry element Power resources
Geographic subdivision Asia, South.
650 #0 - SUBJECT ADDED ENTRY--TOPICAL TERM
Topical term or geographic name entry element Energy policy
Geographic subdivision Asia, South.
906 ## - LOCAL DATA ELEMENT F, LDF (RLIN)
a 7
b cbc
c orignew
d 1
e ecip
f 20
g y-gencatlg
942 ## - ADDED ENTRY ELEMENTS (KOHA)
Source of classification or shelving scheme
Koha item type Book
Holdings
Withdrawn status Lost status Source of classification or shelving scheme Damaged status Not for loan Collection code Permanent Location Current Location Shelving location Date acquired Total Checkouts Full call number Barcode Date last seen Price effective from Koha item type
            Central Library (CL) Central Library (CL) General Stacks 12/09/2016   333.790954 EBI S3H-S-370 12/09/2016 12/09/2016 Book
© 2023 Central Library, National University of Sciences and Technology. All Rights Reserved.